Statistics for Daily U.S. State Riddle #22

Click here to take the quiz!

General Stats

  • This quiz has been taken 70 times
  • The average score is 31 of 35

Answer Stats

TypeAnswer% Correct
Found LetterA
100%
Alphabet LetterH
100%
Alphabet LetterI
100%
Found LetterN
100%
Alphabet LetterO
100%
Found LetterR
100%
Found LetterS
100%
Alphabet LetterT
100%
Alphabet LetterE
98%
Alphabet LetterL
98%
Alphabet LetterM
98%
Alphabet LetterD
97%
Alphabet LetterG
97%
Alphabet LetterY
97%
Alphabet LetterC
95%
Alphabet LetterV
95%
Alphabet LetterF
94%
Found LetterK
92%
Alphabet LetterU
92%
Alphabet LetterW
92%
Alphabet LetterB
87%
Alphabet LetterP
87%
Correctly Placed LetterS
84%
Alphabet LetterX
84%
Alphabet LetterZ
82%
Correctly Placed LetterA
81%
Correctly Placed LetterA
77%
Correctly Placed LetterS
77%
Correctly Placed LetterA
76%
Mystery U.S. StateArkansas
76%
Alphabet LetterJ
76%
Correctly Placed LetterK
76%
Correctly Placed LetterN
76%
Alphabet LetterQ
76%
Correctly Placed LetterR
76%

Score Distribution

Percentile by Number Answered

Percent of People with Each Score

Your Score History

You have not taken this quiz